[Event "2001 Tournament (rating 1600-2000) Standard Chess"]
[Site "SchemingMind.com"]
[Date "2006.09.19"]
[Round "-"]
[White "norlavuaram"]
[Black "e_castle3"]
[Result "1/2-1/2"]
[WhiteCountry "PER"]
[BlackCountry "PHI"]
[WhiteElo "1789"]
[WhiteRD "79"]
[BlackElo "1814"]
[BlackRD "66"]
[GameID "68266"]

1. e4 g6 2. d4 Bg7 3. c4 b6 4. Nc3 Bb7 5. Nf3 d6 6. Be2 Nd7 7. O-O e5 8. d5 Ne7 9. Be3 O-O 10. Qd2 f5
11. Bh6 Nf6 12. exf5 Nxf5 13. Bxg7 Nxg7 14. Bd3 c6 15. dxc6 Bxc6 16. Be2 Nfh5 17. Rad1 Ne8 18. Nxe5 Bb7 19. Bxh5 gxh5 20. Qe2 Qg5
21. f4 Rxf4 22. Rxf4 Qxf4 23. Nf3 Ng7 24. Nd5 Bxd5 25. cxd5 Re8 26. Qd2 Qxd2 27. Rxd2=
1/2-1/2

[Event "2001 Tournament (rating 1600-2000) Standard Chess"]
[Site "SchemingMind.com"]
[Date "2006.09.19"]
[Round "-"]
[White "e_castle3"]
[Black "norlavuaram"]
[Result "1-0"]
[WhiteCountry "PHI"]
[BlackCountry "PER"]
[WhiteElo "1764"]
[WhiteRD "68"]
[BlackElo "1710"]
[BlackRD "67"]
[GameID "68267"]

1. e4 c5 2. Nf3 Nc6 3. g3 e5 4. Bg2 Nf6 5. d3 Be7 6. O-O O-O 7. Na3 d5 8. exd5 Nxd5 9. Nc4 f6 10. c3 Be6
11. Re1 b5 12. Ne3 Qc7 13. Qc2 Rfd8 14. b3 Rac8 15. Bb2 Rd7 16. a3 a5 17. c4 Nd4 18. Bxd4 cxd4 19. cxd5 dxe3 20. Qxc7 exf2+
21. Kxf2 Rdxc7 22. dxe6 Rc3 23. Red1 Rxb3 24. Rab1 Rxa3 25. Rxb5 Rc2+ 26. Rd2 Rxd2+ 27. Nxd2 Rxd3 28. Ke2 Rd8 29. Rxa5 g6 30. Ra7 Kf8
31. Ra8 Rxa8 32. Bxa8 Ke8 33. Kd3 Kd8 34. Kc4 Kc7 35. Ne4 f5 36. Nc5 Kd6 37. Bd5 g5 38. Nb7+ Kc7 39. Na5 h5 40. Nc6 Bf6
41. e7 Kd7 42. Bf7 Bxe7 43. Nxe7 Kxe7 44. Bxh5 Kf6 45. Kd5 g4 46. Be8 f4 47. Ke4 fxg3 48. hxg3 Ke6 49. Bh5 Kf6 50. Bxg4 Kg5
51. Bc8 Kf6 52. g4 Kg5 53. Kxe5 Kg6 54. Kf4 Kf6 55. g5+ Kg6 56. Kg4 Kg7 57. Kh5 Kh8 58. Kh6 Kg8 59. g6
1-0

[Event "2001 Tournament (rating 1600-2000) Standard Chess"]
[Site "SchemingMind.com"]
[Date "2006.09.25"]
[Round "-"]
[White "alejandroales"]
[Black "e_castle3"]
[Result "0-1"]
[WhiteCountry "ARG"]
[BlackCountry "PHI"]
[WhiteElo "1721"]
[WhiteRD "72"]
[BlackElo "1830"]
[BlackRD "65"]
[GameID "68906"]

1. d4 d5 2. c4 c6 3. Nf3 Bf5 4. Nc3 e6 5. Qb3 Qc7 6. e3 Nd7 7. Bd2 Ngf6 8. Rc1 Qb6 9. Qxb6 Nxb6 10. cxd5 Nbxd5
11. Be2 Be7 12. O-O O-O 13. Ne5 Bd6 14. Rfd1 Rad8 15. Na4 Ne4 16. Bc3 b5 17. f3 bxa4 18. fxe4 Bxe4 19. Nxc6 Nxe3 20. Nxd8 Nxd1
21. Rxd1 Rxd8 22. Bb5 a3 23. b3 Rc8 24. Ba1 Rc2 25. d5 Rxg2+ 26. Kf1 exd5 27. Bc6 Rxa2 28. Bd4 Bxh2 29. Bxa7 Bg2+
0-1

[Event "2001 Tournament (rating 1600-2000) Standard Chess"]
[Site "SchemingMind.com"]
[Date "2006.09.25"]
[Round "-"]
[White "alejandroales"]
[Black "norlavuaram"]
[Result "0-1"]
[WhiteCountry "ARG"]
[BlackCountry "PER"]
[WhiteElo "1671"]
[WhiteRD "65"]
[BlackElo "1789"]
[BlackRD "79"]
[GameID "68907"]

1. d4 Nf6 2. c4 g6 3. Nc3 Bg7 4. e4 d6 5. Nf3 O-O 6. g3 c5 7. Bg2 cxd4 8. Nxd4 Nc6 9. O-O Bd7 10. Nc2 Rc8
11. b3 a6 12. Bb2 Na7 13. Qe2 b5 14. cxb5 Nxb5 15. Nd5 Nxd5 16. Bxg7 Kxg7 17. exd5 Qc7 18. Nb4 a5 19. Nc6 Bxc6 20. dxc6 Nd4
21. Qb2 e5 22. Rac1 f5 23. Rfd1 Qb6 24. Rc4 Rf7 25. Rdxd4 exd4 26. Rxd4 Kg8 27. Bd5 Rxc6 28. Qe2 Rc7 29. Qe8+ Kg7 30. Bxf7 Rxf7
31. Qc8 Qxd4
0-1

[Event "2001 Tournament (rating 1600-2000) Standard Chess"]
[Site "SchemingMind.com"]
[Date "2006.09.25"]
[Round "-"]
[White "e_castle3"]
[Black "alejandroales"]
[Result "1-0"]
[WhiteCountry "PHI"]
[BlackCountry "ARG"]
[WhiteElo "1814"]
[WhiteRD "66"]
[BlackElo "1671"]
[BlackRD "65"]
[GameID "68908"]

1. e4 c5 2. Nf3 d6 3. g3 Nc6 4. Bg2 Nf6 5. d3 g6 6. O-O Bg7 7. c3 O-O 8. Na3 a6 9. Bg5 b5 10. Nc2 Bb7
11. Re1 Qc7 12. Qd2 Rfd8 13. Ne3 h6 14. Bxf6 Bxf6 15. Nd5 Qd7 16. Nb6 Qe6 17. Nxa8 Bxa8 18. Qxh6 Bg7 19. Qh4 b4 20. Bh3 Qf6
21. Qxf6 Bxf6 22. Rac1 Rb8 23. Rc2 b3 24. axb3 Rxb3 25. Ra1 Bb7 26. Nd2 Rb6 27. Kf1 Ne5 28. Ke2 c4 29. d4 Nd3 30. Nxc4 Nb4
31. cxb4 Rxb4 32. f3 Bxd4 33. Ra2 Kf8 34. Na5 Ba8 35. Rc8+
1-0

[Event "2001 Tournament (rating 1600-2000) Standard Chess"]
[Site "SchemingMind.com"]
[Date "2006.09.25"]
[Round "-"]
[White "norlavuaram"]
[Black "alejandroales"]
[Result "1-0"]
[WhiteCountry "PER"]
[BlackCountry "ARG"]
[WhiteElo "1789"]
[WhiteRD "79"]
[BlackElo "1671"]
[BlackRD "65"]
[GameID "68909"]

1. e4 e5 2. Nf3 Nc6 3. Bb5 a6 4. Ba4 Nf6 5. O-O Be7 6. Re1 b5 7. Bb3 O-O 8. c3 d6 9. h3 Na5 10. Bc2 c5
11. d4 Nd7 12. Nbd2 f6 13. Nf1 Nb6 14. Be3 Nac4 15. Bc1 d5 16. dxe5 fxe5 17. exd5 Nxd5 18. Be4 Be6 19. b3 Ncb6 20. Nxe5 Qc7
21. Qc2 Bf6 22. Bxh7+ Kh8 23. Ng6+ Kxh7 24. Nxf8+ Kg8 25. Nxe6 Qd6 26. Bb2 Re8 27. Qf5 Nxc3 28. Bxc3 Bxc3 29. Qg6 Re7 30. Rad1
1-0

[Event "2001 Tournament (rating 1600-2000) Standard Chess"]
[Site "SchemingMind.com"]
[Date "2006.09.25"]
[Round "-"]
[White "MisAnthRoPe"]
[Black "e_castle3"]
[Result "1-0"]
[WhiteCountry "CAN"]
[BlackCountry "PHI"]
[WhiteElo "1965"]
[WhiteRD "88"]
[BlackElo "1775"]
[BlackRD "72"]
[GameID "68935"]

1. c4 Nf6 2. Nc3 e6 3. e4 Nc6 4. d3 Be7 5. g3 O-O 6. Bg2 d6 7. Nge2 Bd7 8. O-O Ne5 9. b3 c5 10. d4 cxd4
11. Nxd4 Nc6 12. Nxc6 bxc6 13. Be3 e5 14. f3 Ne8 15. Qd2 f5 16. exf5 Rxf5 17. f4 exf4 18. Rxf4 Rxf4 19. Bxf4 Bg4 20. Nd5 cxd5
21. Bxd5+ Kh8 22. Bxa8 Qxa8 23. Re1 Bf8 24. Qd4 Bh3 25. Qe4 Qxe4 26. Rxe4 Nc7 27. Be3 h6 28. Bxa7 g5 29. Bb8 Ne6 30. a4 Nc5
31. Re8 Kg7 32. Rxf8 Kxf8 33. Bxd6+ Ke8 34. Bxc5 Bf5 35. a5 Bc2 36. a6
1-0

[Event "2001 Tournament (rating 1600-2000) Standard Chess"]
[Site "SchemingMind.com"]
[Date "2006.09.25"]
[Round "-"]
[White "MisAnthRoPe"]
[Black "norlavuaram"]
[Result "1-0"]
[WhiteCountry "CAN"]
[BlackCountry "PER"]
[WhiteElo "1965"]
[WhiteRD "88"]
[BlackElo "1790"]
[BlackRD "72"]
[GameID "68936"]

1. c4 Nf6 2. Nc3 g6 3. g3 Bg7 4. Bg2 O-O 5. d3 c5 6. Nf3 Nc6 7. O-O d5 8. b3 Ne4 9. dxe4 Bxc3 10. exd5 Bxa1
11. dxc6 Qxd1 12. Rxd1 bxc6 13. Bh6 Bg7 14. Bxg7 Kxg7 15. Ne5 Be6 16. Nxc6 Rac8 17. Nxa7 Rc7 18. Nb5 Rcc8 19. a4 Rfd8 20. Ra1 Rd2
21. a5 Rxe2 22. a6 Rb2 23. a7 Rxb3 24. Na3 Rc3 25. Bb7 Rd8 26. a8=R Rxa8 27. Bxa8 Bxc4 28. Nxc4 Rxc4 29. Kf1 Rb4 30. Rc1 Rb5
31. Bc6 Ra5 32. Ke2 Kf6 33. Kd3 Ra2 34. Ke3 Ra3+ 35. Ke4 Ra2 36. Rxc5 Rxf2 37. h3 Rh2 38. h4 h6 39. Rc3 g5 40. Rf3+ Kg7
41. hxg5 hxg5 42. Be8 f6 43. Kf5 Ra2 44. Re3 Ra5+ 45. Ke6 Kf8 46. Bc6 Ra6 47. Kd7 Ra7+ 48. Kd8 e5 49. Bd7 Kf7 50. Bf5 Ra8+
51. Kc7 Ra7+ 52. Kb6 Rd7 53. Bxd7
1-0

[Event "2001 Tournament (rating 1600-2000) Standard Chess"]
[Site "SchemingMind.com"]
[Date "2006.09.25"]
[Round "-"]
[White "MisAnthRoPe"]
[Black "alejandroales"]
[Result "1-0"]
[WhiteCountry "CAN"]
[BlackCountry "ARG"]
[WhiteElo "1856"]
[WhiteRD "98"]
[BlackElo "1665"]
[BlackRD "70"]
[GameID "68937"]

1. c4 Nf6 2. Nc3 e6 3. e4 c5 4. g3 Nc6 5. Bg2 Be7 6. Nge2 O-O 7. d3 Rb8 8. O-O a6 9. Bf4 d6 10. h3 Bd7
11. Be3 b5 12. b3 Qc7 13. d4 bxc4 14. Qc2 cxb3 15. axb3 cxd4 16. Nxd4 Rfc8 17. Rfc1 d5 18. Nxc6 Bxc6 19. Nxd5 exd5 20. exd5 Qe5
21. Bf4 Qd4 22. dxc6 Rb6 23. Be3 Qb4 24. Bxb6 Qxb6 25. Qc4 a5 26. c7 Bd6 27. Qc6 Qxc6 28. Rxc6 Bb4 29. Rd1
1-0

[Event "2001 Tournament (rating 1600-2000) Standard Chess"]
[Site "SchemingMind.com"]
[Date "2006.09.25"]
[Round "-"]
[White "e_castle3"]
[Black "MisAnthRoPe"]
[Result "0-1"]
[WhiteCountry "PHI"]
[BlackCountry "CAN"]
[WhiteElo "1785"]
[WhiteRD "68"]
[BlackElo "1856"]
[BlackRD "98"]
[GameID "68938"]

1. e4 e6 2. d4 d5 3. e5 c5 4. Nf3 Nc6 5. c3 Qb6 6. Be2 Be7 7. O-O f6 8. Na3 a6 9. Nc2 cxd4 10. cxd4 Bd7
11. a3 Rc8 12. b4 Na7 13. Bb2 Nh6 14. Qd2 Nf5 15. Rfc1 Ba4 16. Ne3 Nxe3 17. fxe3 O-O 18. exf6 Rxf6 19. Ne5 Bd6 20. Ng4 Rff8
21. Nf2 Bxh2+ 22. Kxh2 Rxf2 23. Qe1 Rcf8 24. Bc3 R8f6 25. Bf3 R6xf3
0-1

[Event "2001 Tournament (rating 1600-2000) Standard Chess"]
[Site "SchemingMind.com"]
[Date "2006.09.25"]
[Round "-"]
[White "norlavuaram"]
[Black "MisAnthRoPe"]
[Result "1-0"]
[WhiteCountry "PER"]
[BlackCountry "CAN"]
[WhiteElo "1823"]
[WhiteRD "77"]
[BlackElo "1856"]
[BlackRD "98"]
[GameID "68939"]

1. e4 e6 2. d4 d5 3. Nd2 Nf6 4. e5 Nfd7 5. Bd3 c5 6. c3 Nc6 7. Ne2 Qc7 8. O-O Be7 9. f4 f6 10. Nf3 O-O
11. Be3 Qb6 12. Qd2 c4 13. Bc2 f5 14. b4 a5 15. a3 Qc7 16. Rfb1 b5 17. Rf1= Ra7 18. Kh1 Nb6 19. Neg1 Bd7 20. Qf2 Qd8
21. Nh3 Qa8 22. Rab1 axb4 23. axb4 Ra2 24. Rfc1 Na4 25. Qe1 Qe8 26. Nf2
1-0

[Event "2001 Tournament (rating 1600-2000) Standard Chess"]
[Site "SchemingMind.com"]
[Date "2006.09.25"]
[Round "-"]
[White "alejandroales"]
[Black "MisAnthRoPe"]
[Result "1-0"]
[WhiteCountry "ARG"]
[BlackCountry "CAN"]
[WhiteElo "1671"]
[WhiteRD "65"]
[BlackElo "1803"]
[BlackRD "111"]
[GameID "68940"]

1. c4 Nf6 2. d4 e6 3. Nf3 b6 4. g3 Bb7 5. Bg2 Bb4+ 6. Bd2 Bxd2+ 7. Qxd2 O-O 8. Nc3 d6 9. O-O Nbd7 10. Rad1 a6
11. Qc2 Qe7 12. Rfe1 c5 13. e4 cxd4 14. Nxd4 Ne5 15. h3 Nxc4 16. f4 Rac8 17. e5 dxe5 18. fxe5 Nd5 19. Qb1
1-0

[Event "2001 Tournament (rating 1600-2000) Standard Chess"]
[Site "SchemingMind.com"]
[Date "2006.09.26"]
[Round "-"]
[White "ramanujan"]
[Black "MisAnthRoPe"]
[Result "0-1"]
[WhiteCountry "IND"]
[BlackCountry "CAN"]
[WhiteElo "1822"]
[WhiteRD "83"]
[BlackElo "1965"]
[BlackRD "88"]
[GameID "69020"]

1. c4 Nf6 2. Nc3 e6 3. e4 b6 4. e5 Ng8 5. d4 Bb7 6. Nf3 Bb4 7. Be3 Ne7 8. Bd3 d5 9. O-O Bxc3 10. bxc3 Nd7
11. Ng5 h6 12. Qh5 g6 13. Qh3 dxc4 14. Bxc4 Nf5 15. Bf4 Rg8 16. Nxe6 fxe6 17. Bxe6 Rg7 18. Bxh6 Nxh6 19. Qxh6 Qe7 20. Bxd7+ Qxd7
0-1

[Event "2001 Tournament (rating 1600-2000) Standard Chess"]
[Site "SchemingMind.com"]
[Date "2006.09.26"]
[Round "-"]
[White "ramanujan"]
[Black "e_castle3"]
[Result "1-0"]
[WhiteCountry "IND"]
[BlackCountry "PHI"]
[WhiteElo "1908"]
[WhiteRD "86"]
[BlackElo "1814"]
[BlackRD "66"]
[GameID "69021"]

1. e4 e5 2. Nf3 Nc6 3. Bb5 d6 4. d4 exd4 5. c3 dxc3 6. Nxc3 Bd7 7. O-O a6 8. Ba4 b5 9. Bb3 Be6 10. Ng5 Bxb3
11. Qxb3 Qd7 12. Bf4 h6 13. Nf3 g5 14. Bg3 Bg7 15. e5 dxe5 16. Rad1 Qe7 17. Rfe1 Rd8 18. Nd5 Rxd5 19. Qxd5
1-0

[Event "2001 Tournament (rating 1600-2000) Standard Chess"]
[Site "SchemingMind.com"]
[Date "2006.09.26"]
[Round "-"]
[White "ramanujan"]
[Black "norlavuaram"]
[Result "0-1"]
[WhiteCountry "IND"]
[BlackCountry "PER"]
[WhiteElo "1822"]
[WhiteRD "83"]
[BlackElo "1790"]
[BlackRD "72"]
[GameID "69022"]

1. e4 c5 2. Nf3 Nc6 3. d4 cxd4 4. Nxd4 Nf6 5. Nc3 e5 6. Ndb5 d6 7. Bg5 a6 8. Na3 b5 9. Nd5 Be7 10. Bxf6 Bxf6
11. c3 O-O 12. Nc2 Bg5 13. a4 bxa4 14. Rxa4 a5 15. Bb5 Bd7 16. Nce3 Rb8 17. Qe2 Rxb5 18. Qxb5 Nd4 19. Qxa5 Bxa4 20. Qxa4 Ne6
21. O-O Nc5 22. Qc2 Ne6 23. b4 Bf4 24. b5 Nc5 25. Nxf4 exf4 26. Nd5 Re8
0-1

[Event "2001 Tournament (rating 1600-2000) Standard Chess"]
[Site "SchemingMind.com"]
[Date "2006.09.26"]
[Round "-"]
[White "ramanujan"]
[Black "alejandroales"]
[Result "1-0"]
[WhiteCountry "IND"]
[BlackCountry "ARG"]
[WhiteElo "1877"]
[WhiteRD "84"]
[BlackElo "1721"]
[BlackRD "72"]
[GameID "69023"]

1. e4 c5 2. Nf3 d6 3. d4 cxd4 4. c3 g6 5. cxd4 Bg7 6. Nc3 e6 7. Bc4 Ne7 8. O-O O-O 9. Bg5 Nd7 10. Qd2 Nf6
11. a3 a6 12. Rfe1 b5 13. Bb3 Bb7 14. Bh6 Rc8 15. Bxg7 Kxg7 16. Ng5 d5 17. e5 Nfg8 18. f4 Qb6 19. Rad1 Nc6 20. Qf2 Nge7
21. g4 Na5 22. Ba2 Nc4 23. Bxc4 Rxc4 24. f5 exf5 25. Nxh7 Rh8 26. Qh4 Rxd4 27. Qf6+ Kxh7 28. Qxb6
1-0

[Event "2001 Tournament (rating 1600-2000) Standard Chess"]
[Site "SchemingMind.com"]
[Date "2006.09.26"]
[Round "-"]
[White "MisAnthRoPe"]
[Black "ramanujan"]
[Result "1-0"]
[WhiteCountry "CAN"]
[BlackCountry "IND"]
[WhiteElo "1965"]
[WhiteRD "88"]
[BlackElo "1822"]
[BlackRD "83"]
[GameID "69024"]

1. c4 e5 2. Nc3 Nf6 3. e4 Bb4 4. Nge2 d6 5. a3 Bxc3 6. Nxc3 Nc6 7. d3 O-O 8. Be2 Be6 9. Nd5 Nd4 10. Nxf6+ Qxf6
11. Be3 Qg6 12. Bxd4 exd4 13. O-O f5 14. Bf3 fxe4 15. Bxe4 Bf5 16. Bxb7 Rab8 17. Bd5+ Kh8 18. b4 Bxd3 19. Re1 Qf5 20. Qd2 c6
21. Bxc6 Bxc4 22. Qxd4 d5 23. Rad1
1-0

[Event "2001 Tournament (rating 1600-2000) Standard Chess"]
[Site "SchemingMind.com"]
[Date "2006.09.26"]
[Round "-"]
[White "e_castle3"]
[Black "ramanujan"]
[Result "0-1"]
[WhiteCountry "PHI"]
[BlackCountry "IND"]
[WhiteElo "1814"]
[WhiteRD "66"]
[BlackElo "1908"]
[BlackRD "86"]
[GameID "69025"]

1. e4 e5 2. Nf3 Nc6 3. Bb5 a6 4. Ba4 Nf6 5. O-O b5 6. Bb3 Be7 7. c3 Nxe4 8. Re1 d5 9. d3 Nf6 10. Nxe5 Nxe5
11. Rxe5 O-O 12. Bg5 c6 13. Nd2 Bd6 14. Re1 h6 15. Bxf6 Qxf6 16. Nf1 Qg5 17. Ng3 Bg4 18. Qc2 h5 19. f3 h4 20. Nf1 Bxf3
21. Qf2 Bh5 22. a4 b4 23. Bc2 bxc3 24. bxc3 f5 25. Re6 Rf6 26. Rae1 f4 27. d4 Raf8 28. Qd2 f3 29. Qxg5 f2+
0-1

[Event "2001 Tournament (rating 1600-2000) Standard Chess"]
[Site "SchemingMind.com"]
[Date "2006.09.26"]
[Round "-"]
[White "norlavuaram"]
[Black "ramanujan"]
[Result "1-0"]
[WhiteCountry "PER"]
[BlackCountry "IND"]
[WhiteElo "1790"]
[WhiteRD "72"]
[BlackElo "1822"]
[BlackRD "83"]
[GameID "69026"]

1. e4 e5 2. Nf3 Nc6 3. Bb5 a6 4. Ba4 Nf6 5. O-O b5 6. Bb3 Be7 7. Re1 O-O 8. c3 d5 9. exd5 Nxd5 10. Nxe5 Nxe5
11. Rxe5 c6 12. d4 Bd6 13. Re1 Qh4 14. g3 Qh3 15. Be3 Bg4 16. Qd3 Rae8 17. Qf1 Qh5 18. Nd2 Re6 19. Bd1 Rfe8 20. Bxg4 Qxg4
21. Qe2 Qg6 22. Nf1 f5 23. Qd3 Qg4 24. Bd2 Nf4 25. Bxf4 Bxf4 26. Rxe6 Rxe6 27. Ne3 Bxe3 28. fxe3=
1-0

[Event "2001 Tournament (rating 1600-2000) Standard Chess"]
[Site "SchemingMind.com"]
[Date "2006.09.26"]
[Round "-"]
[White "alejandroales"]
[Black "ramanujan"]
[Result "0-1"]
[WhiteCountry "ARG"]
[BlackCountry "IND"]
[WhiteElo "1721"]
[WhiteRD "72"]
[BlackElo "1877"]
[BlackRD "84"]
[GameID "69027"]

1. d4 Nf6 2. c4 c5 3. Nf3 cxd4 4. Nxd4 Nc6 5. g3 e5 6. Nc2 d5 7. cxd5 Qxd5 8. Qxd5 Nxd5 9. Bg2 Be6 10. O-O Be7
11. Ne3 Nb6 12. Rd1 Rd8 13. Bd2 O-O 14. Nc3 f5 15. Rac1 f4 16. Nf1 Rd7 17. gxf4 exf4 18. e3 f3 19. Bh1 Nc4 20. b3 Nb2
21. Ng3 Nxd1 22. Rxd1 Rfd8 23. Nge4 Bb4 24. Bxf3 Bxc3 25. Nxc3 Rxd2 26. Rxd2 Rxd2
0-1

[Event "2001 Tournament (rating 1600-2000) Standard Chess"]
[Site "SchemingMind.com"]
[Date "2006.09.26"]
[Round "-"]
[White "bigfoot1"]
[Black "MisAnthRoPe"]
[Result "0-1"]
[WhiteCountry "FRA"]
[BlackCountry "CAN"]
[WhiteElo "1820"]
[WhiteRD "84"]
[BlackElo "1965"]
[BlackRD "88"]
[GameID "69061"]

1. e4 e6 2. d4 d5 3. e5 c5 4. c3 Nc6 5. Nf3 Bd7 6. Be2 Nge7 7. Na3 a6 8. dxc5 Ng6 9. b4 Ngxe5 10. Nxe5 Nxe5
11. O-O b6 12. cxb6 Qxb6 13. Be3 Qc7 14. Rc1 a5 15. Nc2 Nc4 16. Bg5 axb4 17. cxb4 Bd6 18. h3 h6 19. Bh4 Rxa2 20. Qd4 Be5
21. Bg3 Bxd4 22. Bxc7 Bb2 23. Bxc4 dxc4 24. Rcd1 Ke7 25. Rfe1 Rc8 26. Bd6+ Kf6 27. Ne3 Ba4 28. Be7+ Kxe7
0-1

[Event "2001 Tournament (rating 1600-2000) Standard Chess"]
[Site "SchemingMind.com"]
[Date "2006.09.26"]
[Round "-"]
[White "bigfoot1"]
[Black "ramanujan"]
[Result "0-1"]
[WhiteCountry "FRA"]
[BlackCountry "IND"]
[WhiteElo "1817"]
[WhiteRD "86"]
[BlackElo "1924"]
[BlackRD "87"]
[GameID "69062"]

1. e4 c5 2. Nf3 d6 3. d4 cxd4 4. Nxd4 Nf6 5. Nc3 a6 6. Rg1 b5 7. a3 e5 8. Nf3 Bb7 9. Bd3 h5 10. Bg5 Be7
11. Nh4 g6 12. g3 Nbd7 13. f4 Ng4 14. Bxe7 Qxe7 15. h3 exf4 16. hxg4 fxg3 17. Nxg6 fxg6 18. Qf3 h4 19. O-O-O Qg5+ 20. Rd2 Ne5
21. Qe2 O-O 22. Kb1 Rf2
0-1

[Event "2001 Tournament (rating 1600-2000) Standard Chess"]
[Site "SchemingMind.com"]
[Date "2006.09.26"]
[Round "-"]
[White "bigfoot1"]
[Black "e_castle3"]
[Result "1/2-1/2"]
[WhiteCountry "FRA"]
[BlackCountry "PHI"]
[WhiteElo "1817"]
[WhiteRD "86"]
[BlackElo "1785"]
[BlackRD "68"]
[GameID "69063"]

1. e4 e5 2. Nf3 Nc6 3. Bb5 d6 4. d4 exd4 5. Nxd4 Bd7 6. Nc3 Nxd4 7. Bxd7+ Qxd7 8. Qxd4 Ne7 9. Be3 Nc6 10. Qd2 Be7
11. O-O-O O-O-O 12. f4 Rhe8 13. Qf2 Kb8 14. e5 Qf5 15. a3 dxe5 16. g3 e4 17. Qe2 Bf8 18. Rxd8+ Nxd8 19. g4 Qa5 20. Qc4 f5
21. gxf5 a6 22. Rd1 Qxf5 23. Nxe4 Nc6 24. Ng3 Qf6 25. Re1 Rd8 26. Ne4 Qf5 27. Ng3 Qf6 28. Ne4 Qf5=
1/2-1/2

[Event "2001 Tournament (rating 1600-2000) Standard Chess"]
[Site "SchemingMind.com"]
[Date "2006.09.26"]
[Round "-"]
[White "bigfoot1"]
[Black "norlavuaram"]
[Result "0-1"]
[WhiteCountry "FRA"]
[BlackCountry "PER"]
[WhiteElo "1817"]
[WhiteRD "86"]
[BlackElo "1823"]
[BlackRD "77"]
[GameID "69064"]

1. e4 c5 2. Nf3 Nc6 3. d4 cxd4 4. Nxd4 Nf6 5. Nc3 e5 6. Ndb5 d6 7. Bg5 a6 8. Na3 b5 9. Nd5 Be7 10. Nxe7 Nxe7
11. Bxf6 gxf6 12. c3 f5 13. Qf3 fxe4 14. Qxe4 O-O 15. Qxa8 b4 16. cxb4 Qb6 17. Qf3 Qxb4+ 18. Qc3 Qe4+ 19. Be2 Nd5 20. Nc4 Nxc3
0-1

[Event "2001 Tournament (rating 1600-2000) Standard Chess"]
[Site "SchemingMind.com"]
[Date "2006.09.26"]
[Round "-"]
[White "bigfoot1"]
[Black "alejandroales"]
[Result "1-0"]
[WhiteCountry "FRA"]
[BlackCountry "ARG"]
[WhiteElo "1839"]
[WhiteRD "92"]
[BlackElo "1671"]
[BlackRD "65"]
[GameID "69065"]

1. e4 e5 2. Nf3 Nc6 3. Bb5 a6 4. Ba4 Nf6 5. O-O Nxe4 6. d4 b5 7. Bb3 d5 8. dxe5 Be6 9. Nbd2 Nc5 10. c3 Be7
11. Bc2 O-O 12. h3 d4 13. Ne4 dxc3 14. Nxc3 Nb4 15. Bb1 Bc4 16. Bd2 Bxf1 17. Kxf1 Nbd3 18. Qc2 Qd7 19. b4 Qf5 20. bxc5 Rfd8
21. Be3 Rd7 22. c6 Rdd8 23. Nd4
1-0

[Event "2001 Tournament (rating 1600-2000) Standard Chess"]
[Site "SchemingMind.com"]
[Date "2006.09.26"]
[Round "-"]
[White "MisAnthRoPe"]
[Black "bigfoot1"]
[Result "1-0"]
[WhiteCountry "CAN"]
[BlackCountry "FRA"]
[WhiteElo "1965"]
[WhiteRD "88"]
[BlackElo "1820"]
[BlackRD "84"]
[GameID "69066"]

1. c4 Nf6 2. Nc3 g6 3. e4 d6 4. g3 Bg7 5. Bg2 O-O 6. Nge2 e5 7. d3 Nc6 8. O-O Nh5 9. Be3 f5 10. exf5 Bxf5
11. Qb3 Rb8 12. c5+ Kh8 13. cxd6 cxd6 14. Nd5 Be6 15. Qa3 a6 16. Nec3 Nf6 17. Nxf6 Bxf6 18. f4 Be7 19. Rae1 d5 20. Bc5 Bxc5+
21. Qxc5 e4 22. dxe4 d4 23. Rd1 Rc8 24. Nd5 b5 25. h3
1-0

[Event "2001 Tournament (rating 1600-2000) Standard Chess"]
[Site "SchemingMind.com"]
[Date "2006.09.26"]
[Round "-"]
[White "ramanujan"]
[Black "bigfoot1"]
[Result "0-1"]
[WhiteCountry "IND"]
[BlackCountry "FRA"]
[WhiteElo "1822"]
[WhiteRD "83"]
[BlackElo "1820"]
[BlackRD "84"]
[GameID "69067"]

1. e4 e6 2. d4 d5 3. Nc3 Nf6 4. Bg5 dxe4 5. Nxe4 Be7 6. Bxf6 Bxf6 7. Nf3 Be7 8. Qd2 O-O 9. O-O-O Qd5 10. Nc3 Qa5
11. Qe3 Bb4 12. Bd3 h6 13. h4 f5 14. Bc4 Re8 15. Ne5 Bxc3 16. bxc3 Nd7 17. f4 Nf6 18. g4 Ne4 19. Rd3 b5 20. Bb3 Ba6
21. gxf5 Nd6 22. Bxe6+ Kh7 23. Qg3 Rxe6 24. fxe6 b4
0-1

[Event "2001 Tournament (rating 1600-2000) Standard Chess"]
[Site "SchemingMind.com"]
[Date "2006.09.26"]
[Round "-"]
[White "e_castle3"]
[Black "bigfoot1"]
[Result "0-1"]
[WhiteCountry "PHI"]
[BlackCountry "FRA"]
[WhiteElo "1785"]
[WhiteRD "68"]
[BlackElo "1817"]
[BlackRD "86"]
[GameID "69068"]

1. e4 e6 2. d4 d5 3. Nc3 Nf6 4. exd5 Bb4 5. a3 Bxc3+ 6. bxc3 O-O 7. dxe6 Bxe6 8. Be2 Re8 9. Kf1 Nbd7 10. h4 c5
11. h5 Qb6 12. h6 g6 13. Rh4 Nd5 14. Bd2 cxd4 15. cxd4 Qd8 16. Nf3 Ne7 17. c4 f6 18. d5 Bf5 19. g4 Be4 20. g5 Nf5
21. Rg4 Bxf3 22. Bxf3 Ne5 23. Re4 Nd6 24. Rh4 fxg5 25. Rd4 Qf6 26. Be2 Nf5 27. Re4 Ng3+
0-1

[Event "2001 Tournament (rating 1600-2000) Standard Chess"]
[Site "SchemingMind.com"]
[Date "2006.09.26"]
[Round "-"]
[White "norlavuaram"]
[Black "bigfoot1"]
[Result "1/2-1/2"]
[WhiteCountry "PER"]
[BlackCountry "FRA"]
[WhiteElo "1823"]
[WhiteRD "77"]
[BlackElo "1817"]
[BlackRD "86"]
[GameID "69069"]

1. e4 e6 2. d4 d5 3. Nd2 Nf6 4. e5 Nfd7 5. Bd3 c5 6. c3 Nc6 7. Ne2 cxd4 8. cxd4 Bb4 9. O-O O-O 10. f4 f6
11. Nf3 fxe5 12. fxe5 h6 13. a3 Ba5 14. b4 Bb6 15. Kh1 Rxf3 16. Rxf3 Nxd4 17. Rg3 Qh4 18. Rh3 Qg4 19. Rg3 Qh4 20. Bb2 Nc6
21. Rh3 Qg4 22. Rg3=
1/2-1/2

[Event "2001 Tournament (rating 1600-2000) Standard Chess"]
[Site "SchemingMind.com"]
[Date "2006.09.26"]
[Round "-"]
[White "alejandroales"]
[Black "bigfoot1"]
[Result "0-1"]
[WhiteCountry "ARG"]
[BlackCountry "FRA"]
[WhiteElo "1671"]
[WhiteRD "65"]
[BlackElo "1839"]
[BlackRD "92"]
[GameID "69070"]

1. d4 Nf6 2. c4 g6 3. Nc3 Bg7 4. e4 d6 5. Nf3 O-O 6. g3 Nbd7 7. Bg2 e5 8. O-O exd4 9. Nxd4 Re8 10. Qc2 Nxe4
11. Nxe4 Bxd4 12. Bf4 Bg7 13. c5 d5 14. Ng5 c6 15. Bd6 Qxg5 16. f4 Qf6 17. Rae1 Rxe1 18. Rxe1 Qd4+ 19. Kh1 Nf6 20. Qe2 Bg4
21. Bf3 Bxf3+ 22. Qxf3 Ne4 23. f5 g5 24. g4 Nf2+ 25. Kg2 Qxg4+ 26. Qxg4 Nxg4
0-1